فاطمہ جناح حیات اور خدمات (Record no. 549540)
[ view plain ]
| 000 -LEADER | |
|---|---|
| fixed length control field | 00381nam a22001337a 4500 |
| 082 ## - DEWEY DECIMAL CLASSIFICATION NUMBER | |
| Classification number | 923.15491 |
| Author Mark | HAM |
| 100 ## - MAIN ENTRY--PERSONAL NAME | |
| Personal name | Hamdain, Agha Hussain |
| 9 (RLIN) | 46195 |
| 245 ## - TITLE STATEMENT | |
| Title | فاطمہ جناح حیات اور خدمات |
| Statement of responsibility, etc. | Hamdain, Agha Hussain |
| 260 ## - PUBLICATION, DISTRIBUTION, ETC. | |
| Place of publication, distribution, etc. | Islamabad |
| 300 ## - PHYSICAL DESCRIPTION | |
| Extent | 192p.: |
| Other physical details | ill,; |
| Dimensions | 25 cm. |
| 526 ## - STUDY PROGRAM INFORMATION NOTE | |
| Program name | 0 |
| Interest level | 0 |
| Reading level | 0 |
| Title point value | 923_154910000000000_HAM |
| 650 ## - SUBJECT ADDED ENTRY--TOPICAL TERM | |
| Topical term or geographic name entry element | MCE |
| 9 (RLIN) | 379 |
| 942 ## - ADDED ENTRY ELEMENTS (KOHA) | |
| Source of classification or shelving scheme | |
| Koha item type | Book |
| Withdrawn status | Lost status | Source of classification or shelving scheme | Damaged status | Not for loan | Permanent Location | Current Location | Date acquired | Total Checkouts | Full call number | Barcode | Date last seen | Price effective from | Koha item type |
|---|---|---|---|---|---|---|---|---|---|---|---|---|---|
| Military College of Engineering (MCE) | Military College of Engineering (MCE) | 09/29/2014 | 923.15491 HAM | MCE-35116 | 09/29/2014 | 09/29/2014 | Book |
